00555cam a22002291 4500001001300000003000400013005001700017008004100034010001700075035002000092040001800112042001200130050001700142100002700159245002700186260001200213300002300225500001300248500003000261650001700291999001700308sa 65006289 DLC20260227112141.0890622s1964 ii 000 0 urdr  asa 65006289  a(OCoLC)19914430 aDLCcWaUdDLC apremarc00aPK2184b.B251 aBarni, Muhammad Ilyas.10aJaz̲bāt-i fit̤rat. c[1964?] a4 v. in 2.c19 cm. aIn Urdu. aText partially vocalized. 0aUrdu poetry. c64605d64605